Best Formula 1 teams without win - Statistics

General Stats
  • This quiz has been taken 108 times
  • The average score is 8 of 22
Answer Stats
Races Team % Correct
144 Haas
85%
212 Force India
70%
340 Minardi
58%
373 Sauber
55%
139 Toyota
53%
56 HRT
48%
73 Marussia
47%
83 Prost
45%
56 Caterham
44%
291 Arrows
42%
85 Jaguar
38%
117 BAR
37%
149 Lola
31%
57 Toleman
22%
132 Osella
17%
53 Zakspeed
16%
78 Dallara
15%
99 Ensign
14%
91 Footwork
14%
89 ATS
13%
118 Surtees
12%
71 Copersucar
9%
No matching quizzes found
Score Distribution
Percent of People with Each Score
Percentile by Number Answered
Your Score History
You have not taken this quiz